000 00650nam a2200229 i 4500
001 C2-0303587
003 PPAK
005 20180728084512.0
008 100331s2008 my a|||| ||||| | eng d
020 _a9789676120812
040 _aPPAK
_beng
_cPPAK
_erda
082 0 4 _a428.6
_223
090 0 0 _a428.6
_bCHE
_dK
245 0 0 _aCheck it out
_bLight and sound
264 1 _aKuala Lumpur :
_bUtusan Publications ,
_c2008
300 _a24 pages :
_bcolour illustrations ;
_c20 cm
336 _2rdacontent
_atext
337 _2rdamedia
_aunmediated
338 _2rdacarrier
_avolume
650 1 0 _aReaders - Light. ; Readers - Sound.
942 _ddc
_cB
999 _c106817
_d106817